Oxford guide to British and American culture for learners of English

Đã lưu trong:
Bibliografiske detaljer
Format: Bog
Sprog:Undetermined
Udgivet: Oxford Oxford University 2010
Fag:
Online adgang:http://lrc.tdmu.edu.vn/opac/search/detail.asp?aID=2&ID=30507
Tags: Tilføj Tag
Ingen Tags, Vær først til at tagge denne postø!
Thư viện lưu trữ: Trung tâm Học liệu Trường Đại học Thủ Dầu Một
LEADER 00597nam a2200169Ia 4500
001 TDMU_30507
008 210410s9999 xx 000 0 und d
082 |a 324.2597075 
090 |b O-435 
245 0 |a Oxford guide to British and American culture for learners of English 
260 |a Oxford 
260 |b Oxford University 
260 |c 2010 
300 |a viii, 533 p. 
650 |a British culture; Văn hóa Anh; American culture; Văn hóa Mỹ 
856 |u http://lrc.tdmu.edu.vn/opac/search/detail.asp?aID=2&ID=30507 
980 |a Trung tâm Học liệu Trường Đại học Thủ Dầu Một